000 01209cam a22003497a 4500
003 CHAP
005 20220817042825.0
008 000906s1959 mx a r 00010 sps d
010 _a56880
011 _a57852
035 _a62007
040 _cCHAP
090 _aFolleto 14557y (1959)
110 2 _aAcademia Nacional de Ciencias. Washington, D. C.
_9383
245 1 0 _aNecesidades nutricionales del cerdo
260 _aMéxico, D.F. :
_bCentro Regional de Ayuda Técnica,
_c1959.
300 _a34 p.
_b: ilus.
490 0 _aNecesidades nutricionales de animales domésticos
_v; 11
500 _aTrad. de la ed. rev. de 1959
590 _aBATCH-UPD
_b10
_c20130110
_lUCH01
_h1548
590 _aBATCH-UPD
_b10
_c20130410
_lUCH01
_h0946
590 _aBATCH-UPD
_b10
_c20130914
_lUCH01
_h1522
590 _aCONVERSION
_b10
_c20130109
_lUCH01
_h1331
650 1 4 _aAlimentos y alimentacion del ganado.
_94326
650 1 4 _aGanado porcino
_xNutrición.
_945390
650 1 4 _aNutrición animal.
830 0 _aNecesidades nutricionales de animales domésticos
_v; 11
_980671
901 _aBK
905 _aMayto Villalobos S.
942 _cFOLL
949 _aFolleto 14557y (1959)
_bBC
_cFOLL
_d-132988
_eTS1
_i62007
_sb
999 _c56880
_d56880